|
|
|
|
| LEADER |
00000cas a2200000 c 4500 |
| 001 |
1048881660 |
| 003 |
DE-627 |
| 005 |
20260225222511.0 |
| 007 |
cr uuu---uuuuu |
| 008 |
190211d19972001gw z| m|o 0 |0ger c |
| 016 |
7 |
|
|a 117772894X
|2 DE-101
|
| 016 |
7 |
|
|a 2962014-4
|2 DE-600
|
| 035 |
|
|
|a (DE-627)1048881660
|
| 035 |
|
|
|a (DE-576)517453320
|
| 035 |
|
|
|a (DE-599)ZDB2962014-4
|
| 035 |
|
|
|a (OCoLC)1366345033
|
| 040 |
|
|
|a DE-627
|b ger
|c DE-627
|e rda
|
| 041 |
|
|
|a ger
|
| 044 |
|
|
|c XA-DE
|
| 084 |
|
|
|a 2,1
|2 ssgn
|
| 245 |
0 |
0 |
|a JuST-Bericht
|c Kriminologisches Forschungsinstitut Niedersachsen e.V. (KfN)
|
| 264 |
3 |
1 |
|a Hannover
|b KfN
|c [1997-2001?]
|
| 300 |
|
|
|a Online-Ressource
|
| 336 |
|
|
|a Text
|b txt
|2 rdacontent
|
| 337 |
|
|
|a Computermedien
|b c
|2 rdamedia
|
| 338 |
|
|
|a Online-Ressource
|b cr
|2 rdacarrier
|
| 362 |
0 |
|
|a Nr. 1-Nr. 6 [?]
|
| 363 |
0 |
0 |
|a 1
|i 1997
|
| 363 |
1 |
0 |
|i 2001
|a 6
|
| 500 |
|
|
|a Alle Bände zugleich Bände von: KfN-Forschungsberichte
|
| 500 |
|
|
|a Gesehen am 11.02.2019
|
| 655 |
|
7 |
|a Monografische Reihe
|0 (DE-588)4179998-7
|0 (DE-627)104628669
|0 (DE-576)209995106
|2 gnd-content
|
| 710 |
2 |
|
|a Kriminologisches Forschungsinstitut Niedersachsen
|e Herausgebendes Organ
|0 (DE-588)128526-9
|0 (DE-627)102369798
|0 (DE-576)190698799
|4 isb
|
| 776 |
0 |
8 |
|i Erscheint auch als
|n Druck-Ausgabe
|t JuSt-Bericht
|d Hannover : KFN, 1997
|w (DE-627)630798826
|w (DE-600)2561019-3
|w (DE-576)060281766
|k Non-Electronic
|
| 856 |
4 |
0 |
|u https://kfn.de/publikationen/kfn-forschungsberichte/
|x Verlag
|7 1
|
| 936 |
s |
n |
|a m200
|2 mzub
|
| 936 |
s |
n |
|a p100
|2 mzub
|
| 951 |
|
|
|a ST
|
| ELC |
|
|
|a 1
|
| ORI |
|
|
|a WA-MARC-krimdokb001.raw
|
| SPR |
|
|
|a 1
|t KRI
|